| 000 | 00373cam a2200145ua 4500 | ||
|---|---|---|---|
| 003 | OSt | ||
| 008 | 250506b |||||||| |||| 00| 0 eng d | ||
| 041 | _aeng | ||
| 082 |
_a526.9 _bSHA/SU |
||
| 100 |
_aShahane, . _94562 |
||
| 245 | _aSurveying in questions and answers / | ||
| 260 |
_aDelhi : _bLachman Dass,Noble book service , _c1953. |
||
| 300 | _a334 ; . | ||
| 942 | _cBK | ||
| 999 |
_c12090 _d12090 |
||